Mechanical fastening, joining, and assembly / (Record no. 8475)

MARC details
000 -LEADER
fixed length control field 00882nac a22002531u 4500
010 ## - LIBRARY OF CONGRESS CONTROL NUMBER
LC control number 96052021
020 ## - INTERNATIONAL STANDARD BOOK NUMBER
International Standard Book Number 082479835X (alk. paper)
082 00 - DEWEY DECIMAL CLASSIFICATION NUMBER
Classification number 621.88
Item number SPE
090 ## - LOCALLY ASSIGNED LC-TYPE CALL NUMBER (OCLC); LOCAL CALL NUMBER (OCLC)
-- 8475
-- 8475
100 ## - MAIN ENTRY--PERSONAL NAME
Personal name Speck, James A.,
245 10 - TITLE STATEMENT
Title Mechanical fastening, joining, and assembly /
Statement of responsibility, etc James A. Speck.
260 ## - PUBLICATION, DISTRIBUTION, ETC. (IMPRINT)
Place of publication, distribution, etc New York :
Name of publisher, distributor, etc Marcel Dekker,1997.
Date of publication, distribution, etc c1997.
300 ## - PHYSICAL DESCRIPTION
Extent vi, 240 p. :
Other physical details ill. ;
Dimensions 24 cm.
490 1# - Series Statement
Series statement Mechanical engineering ;
Volume/sequential designation 109
500 ## - GENERAL NOTE
General note Includes index.
500 ## - GENERAL NOTE
General note Distributer: Al-Ahram
511 ## - PARTICIPANT OR PERFORMER NOTE
Participant or performer note Catalogued by: Sara
650 #0 - SUBJECT ADDED ENTRY--TOPICAL TERM
Topical term or geographic name as entry element Fasteners.
650 #0 - SUBJECT ADDED ENTRY--TOPICAL TERM
Topical term or geographic name as entry element Joints (Engineering)
650 #0 - SUBJECT ADDED ENTRY--TOPICAL TERM
Topical term or geographic name as entry element Assembling machines.
830 #0 - SERIES ADDED ENTRY--UNIFORM TITLE
Uniform title Mechanical engineering (Marcel Dekker, Inc.) ;
856 42 - ELECTRONIC LOCATION AND ACCESS
Materials specified Publisher description
Uniform Resource Identifier <a href="http://www.loc.gov/catdir/enhancements/fy0648/96052021-d.html">http://www.loc.gov/catdir/enhancements/fy0648/96052021-d.html</a>
942 ## - ADDED ENTRY ELEMENTS (KOHA)
Item type Book - Borrowing
Call number prefix 621.88SPE
Holdings
Withdrawn status Item status Damaged status Not for loan Home library Current library Shelving location Date acquired Source of acquisition Total Checkouts Total Renewals Full call number Barcode Date last seen Date last borrowed Koha item type
        Central Library Central Library First floor 08/03/2010 Purchase 1 29 621.88SPE 000010285 15/07/2025 28/06/2015 Book - Borrowing